Reagin, Nancy Ruth, 1960-. Sweeping the German nation. - Cambridge [u.a.]

Titel: Reagin, Nancy Ruth, 1960-. Sweeping the German nation. - Cambridge [u.a.] : Cambridge Univ. Press. - 2007 [Rezension]
Verfasser:
In: Journal of social history, Band 43, Heft 1 (2009 [2010]), Seite 203-205
alle Artikel anzeigen
Veröffentlicht: 2009 [2010]
Format: Aufsatz
Sprache: Englisch
Kein Bild verfügbar
X
alg: 39481125
001A    $01999:12-11-16 
001B    $03025:12-06-23 $t10:16:59.000 
001D    $01999:12-11-16 
001U    $0utf8 
001X    $00 
002@    $0Oox 
003@    $0394811259 
007A    $0394811259 $aHEB 
007T    $0Herdc0074179m 
009Q    $uhttp://muse.jhu.edu/journals/journal%5Fof%5Fsocial%5Fhistory/v043/43.1.matysik.pdf $xH 
010@    $aeng 
011@    $a2010 $n2009 [2010] 
021A    $aReagin, Nancy Ruth, 1960-. Sweeping the German nation. - Cambridge {[u.a.] $dCambridge Univ. Press. -  2007 [Rezension] 
028A    $aMatysik $dTracie 
031A    $d43 $e1 $h203-205 $j2009 [2010] 
039B    $aIn $8--Obvc--. Journal of social history. - Oxford : Oxford University Press, 1967-. - Online-Ressource. - ISSN 1527-1897 $x200900000430001797 $9092463754 
039T    $8--Aau--Reagin, Nancy Ruth$Z1960- [Tp1]. Sweeping the German nation. - Cambridge {[u.a.] : Cambridge Univ. Press, 2007. - XII, 247 S.. - ISBN 0-521-84113-5 $9182441679 
045F    $a900.9438 $eDDC23BSB 
045F/01 $a900 
045F/03 $g438 
045T    $aROM $qDE-5 $2FID 
045T    $aROM $qDE-18 $2FID 

lok: 39481125 78

exp: 39481125 78 1 #EPN
201B/01 $018-11-16 $t12:48:46.000 
201U/01 $0utf8 
203@/01 $0791109860 
208@/01 $a12-11-16 $be 
209A/01 $a/ $f000 $x00 
220C/01 $aTitelaufnehmer: pg 
220C/01 $aHerkunft: HI Marburg 
244Z/01 $2Trx $#Poola $#Lenkija $#Polija $#Polen Land $#Poland $#Lengyelország $#Poľsko $#Polsko $8--Trx--Polska$gkraj $x01 $9391345966 
244Z/01 $2Trx $#arvustused $#recenzijos $#Reviews $#recenziók $#recenzje $#recenzie $#recenze $8--Trx--Rezensionen $x02 $9391357441 
244Z/01 $2Trx $8--Trx--elektronische Ressource $x03 $939138452X 
247C/01 $82080>Marburg/Lahn, Herder-Institut, Forschungsbibliothek, Bibliographieportal $9336309341
LEADER 00000caa a22000002c 4500
001 394811259
003 DE-603
005 20230612101659.0
007 cr||||||||||||
008 161112s2010 xx |||| o| u00||u|eng c
035 |a (DE-599)HEB394811259 
040 |a DE-603  |b ger  |c DE-603  |d DE-603 
041 |a eng 
082 0 4 |8 1\u  |a 900.9438  |q DE-101  |2 23/BSB 
084 |a ROM  |q DE-5  |2 fid 
084 |a ROM  |q DE-18  |2 fid 
085 |8 1\u  |b 900 
085 |8 1\u  |z 2  |s 438 
100 1 |a Matysik, Tracie 
245 0 0 |a Reagin, Nancy Ruth, 1960-. Sweeping the German nation. - Cambridge ˜[u.a.]œ  |b Cambridge Univ. Press. - 2007 [Rezension] 
264 0 |c 2009 [2010] 
773 0 8 |i In  |t Journal of social history  |d Oxford : Oxford University Press, 1967-  |h Online-Ressource  |x 1527-1897  |g Band 43, Heft 1 (2009 [2010]), Seite 203-205  |w (DE-603)092463754  |w (DE-600)2007084-6 
787 0 8 |i Rezension von  |a Reagin, Nancy Ruth, 1960-  |t Sweeping the German nation  |d Cambridge ˜[u.a.] œ: Cambridge Univ. Press, 2007  |h XII, 247 S.  |z 0521841135  |z 9780521841139  |w (DE-603)182441679 
856 |u http://muse.jhu.edu/journals/journal%5Fof%5Fsocial%5Fhistory/v043/43.1.matysik.pdf  |x Verlag 
924 1 |9 2080  |a (DE-603)791109860  |b DE-2080  |c HES  |d d  |g /